000 00984nam0a22002531 4500
001 rc\3426
005 20260407163922.0
010 _a5-640-01122-Х
_920000
035 _a(NLR Aleph) 005293756
090 _a6217278
_c6217278
100 _a20021204d1991 |||y0rusy50 ca
101 0 _arus
102 _aRU
105 _ay |||||||||
200 1 _aЗакон Узбекской Советской Социалистической Республики о собственности в Узбекской ССР
_eПринят на третьей сес. Верховного Совета УзССР двенадцатого созыва 31 окт. 1990 г.
210 _aТашкент
_cУзбекистон
_d1991
215 _a26, [2] с.
_d20
740 1 _aУзССР
_tЗаконы и постановления
_3RU\NLR\AUTH\8810102898
_9706425
801 0 _aRU
_bNLR
_gpsbo
801 1 _aRU
_bELAR
_2rusmarc
852 _aNLR
_j91-4/5970
942 _cBOOK
980 _aNB